Essential of carbohydrate chemistry and biochemistry (Record no. 1882)

000 -LEADER
fixed length control field 00543nam a22002177a 4500
001 - CONTROL NUMBER
control field 1882
003 - CONTROL NUMBER IDENTIFIER
control field BD-DhUET
008 - FIXED-LENGTH DATA ELEMENTS--GENERAL INFORMATION
fixed length control field 0
020 ## - INTERNATIONAL STANDARD BOOK NUMBER
International Standard Book Number 9782527315284
040 ## - CATALOGING SOURCE
Transcribing agency 0
Modifying agency BD-DhUET
082 ## - DEWEY DECIMAL CLASSIFICATION NUMBER
Classification number 547.78
Item number LIN/2007
100 ## - MAIN ENTRY--PERSONAL NAME
Personal name Lindhorst, Thisbe K.
245 ## - TITLE STATEMENT
Title Essential of carbohydrate chemistry and biochemistry
Statement of responsibility, etc. by Thisbe K. Lindhorst
250 ## - EDITION STATEMENT
Edition statement 1st ed.
260 ## - PUBLICATION, DISTRIBUTION, ETC. (IMPRINT)
Place of publication, distribution, etc. Weinheim:
Name of publisher, distributor, etc. Wiley-VCH,
Date of publication, distribution, etc. 2007.
300 ## - PHYSICAL DESCRIPTION
Extent xiii,317p.
504 ## - BIBLIOGRAPHY, ETC. NOTE
Bibliography, etc Includes bibliographies
650 #0 - SUBJECT ADDED ENTRY--TOPICAL TERM
Topical term or geographic name as entry element Carbohydrates
650 #0 - SUBJECT ADDED ENTRY--TOPICAL TERM
Topical term or geographic name as entry element Biochemistry
942 ## - ADDED ENTRY ELEMENTS (KOHA)
Koha item type General Book
Holdings
Withdrawn status Koha item type Koha normalized classification for sorting Not for loan Location (home branch) Koha date last seen Date acquired Price effective from Damaged status Sublocation or collection (holding branch) Piece designation (barcode) Source of classification or shelving scheme Lost status Shelving location Koha full call number Copy number
 General Book547_000000000000000_78LIN2007 Central Library, BUET2014-09-142014-09-142014-09-14 Central Library, BUET105259  Circulation section547.78/LIN/20071
 General Book547_000000000000000_78LIN2007 Central Library, BUET2014-09-142014-09-142014-09-14 Central Library, BUET105260  Circulation section547.78/LIN/20072